000 00337 a2200157 4500
001 192918
020 _a978-85-209-2425-9
040 _cMagnum
100 _aGomes, Dias
240 1 0 _aO pagador de promessas
_lpor
245 1 0 _aO pagador de promessas
300 _a145
362 0 _a2010
697 _aLITERATURA GERAL
942 _cBK
999 _c192918
_d192918